| Tag |
First Indicator |
Second Indicator |
Subfields |
| LEADER |
00000cam a2200000 4500 |
| 001 |
in00000022144 |
| 005 |
20151007063859.0 |
| 008 |
720628s1961 nyu 00010 fre u |
| 010 |
|
|
|a 61006296
|
| 035 |
|
|
|a (OCoLC)00344103
|
| 035 |
|
|
|9 AAD8489AM
|
| 040 |
|
|
|c WSU
|d TXA
|d UtOrBLW
|
| 049 |
|
|
|a TXAM
|c [340070]
|
| 050 |
|
0 |
|a PQ1109
|b .D63
|
| 092 |
|
|
|a 840.8
|b D732p
|
| 100 |
1 |
|
|a Dougherty, David M.,
|d 1903-
|
| 245 |
1 |
0 |
|a Perspectives de la litterature francaise /
|c Edited by David M. Dougherty [and] Doris E. Hernried.
|
| 264 |
|
1 |
|a New York :
|b Oxford University Press,
|c 1961.
|
| 300 |
|
|
|a 428 pages ;
|c 24 cm.
|
| 336 |
|
|
|a text
|b txt
|2 rdacontent
|
| 337 |
|
|
|a unmediated
|b n
|2 rdamedia
|
| 338 |
|
|
|a volume
|b nc
|2 rdacarrier
|
| 650 |
|
0 |
|a French literature.
|
| 700 |
1 |
|
|a Hernried, Doris E.
|
| 999 |
|
|
|a MARS
|
| 999 |
f |
f |
|s 9dc143e6-8459-39fc-ba0d-7dca2d1cd942
|i 5c26dc7d-249c-34b4-b086-7f61aecf3255
|t 0
|
| 952 |
f |
f |
|p ric
|a Texas A&M University
|b Rellis Campus
|c Joint Library Facility
|d Remote Storage
|t 0
|e PQ1109 .D63
|h Library of Congress classification
|i unmediated -- volume
|m A14801361781
|
| 998 |
f |
f |
|a PQ1109 .D63
|t 0
|l Remote Storage
|